000 00530nam a2200181 i 4500
001 15480
003 ES-MaACL
007 t|
008 000322s1948 au ||||1| eng d
080 _a908(436)
100 1 _aMarboe, Ernst.
_976340
245 1 4 _aThe book of Austria /
_c[Ernst Marboe].
260 _aVienna :
_bOsterreichische Staatsdruckerei,
_c[1948]
300 _aXXX, 544 p. :
_bil. ;
_c20 cm.
500 _aAutor tomado de la cubierta.
651 4 _aViena-
_xDescripción.
_99533
852 _aES-MaACL
_jG-2109
_bR.124527
999 _c15480
_d15480